[Event "Mundial Juvenil 2005 s10"]
[Site "Belfort FRA"]
[Date "2005.07.27"]
[Round "8.20"]
[White "Karnati, Harsh"]
[Black "Ismailov, Mukhit"]
[Result "0-1"]
[WhiteElo "1889"]
[BlackElo "1599"]
[PlyCount "65"]
[EventDate "2005.07.19"]
[EventType "swiss"]
[EventRounds "11"]
[EventCountry "FRA"]
[Source "lmi"]
[SourceDate "2005.07.31"]

1. d4 Nf6 2. e3 e6 3. Bd3 c5 4. f4 Nc6 5. c3 d5 6. Nf3 g6 7. O-O b6 8. Ne5 Bd7
9. Nd2 Bg7 10. Ndf3 O-O 11. Nxc6 Bxc6 12. Ne5 Bb7 13. Bd2 Qc8 14. g4 Ba6 15. g5
Nh5 16. Qa4 Bxd3 17. Nxd3 Re8 18. Rac1 Re7 19. Nf2 Rc7 20. Nd3 Rb8 21. Qa3 Bf8
22. b4 c4 23. Ne5 a5 24. Qb2 axb4 25. cxb4 b5 26. Nf3 Ra8 27. a3 f5 28. Bc3 Ra6
29. Ra1 Rca7 30. Qc1 Qa8 31. Rf2 Rxa3 32. Rxa3 Rxa3 33. Qd2 0-1

[Event "Mundial Juvenil 2005 s10"]
[Site "Belfort FRA"]
[Date "2005.07.28"]
[Round "9.2"]
[White "Fu, Xiaoyong"]
[Black "Bajarani, Ulvi"]
[Result "1-0"]
[WhiteElo "1599"]
[BlackElo "1599"]
[PlyCount "61"]
[EventDate "2005.07.19"]
[EventType "swiss"]
[EventRounds "11"]
[EventCountry "FRA"]
[Source "lmi"]
[SourceDate "2005.07.31"]

1. e4 b6 2. d4 Bb7 3. Nc3 e6 4. Nf3 Bb4 5. Bd3 Bxc3+ 6. bxc3 d6 7. O-O Ne7 8.
Be3 Nd7 9. Nd2 e5 10. f4 O-O 11. f5 Kh8 12. Qe2 Ng8 13. Rad1 Qe7 14. Rf3 g6 15.
Rdf1 h6 16. Rh3 Kg7 17. g4 g5 18. Nf3 f6 19. Rh5 exd4 20. Nxd4 Nc5 21. Qg2 Rae8
22. Bd2 Qd8 23. h4 Rf7 24. hxg5 fxg5 25. Qh2 Bxe4 26. Bxg5 hxg5 27. Rh7+ Kf8
28. Rxf7+ Kxf7 29. Qh7+ Kf6 30. Bxe4 Rxe4 31. Qg6+ 1-0

[Event "Mundial Juvenil 2005 s10"]
[Site "Belfort FRA"]
[Date "2005.07.28"]
[Round "9.3"]
[White "Nikologorskiy, Konstantin"]
[Black "Lapidus, Mark"]
[Result "1-0"]
[WhiteElo "1599"]
[BlackElo "1599"]
[PlyCount "73"]
[EventDate "2005.07.19"]
[EventType "swiss"]
[EventRounds "11"]
[EventCountry "FRA"]
[Source "lmi"]
[SourceDate "2005.07.31"]

1. c4 e5 2. Nc3 Nf6 3. g3 d5 4. cxd5 Nxd5 5. Bg2 Nb6 6. Nf3 Nc6 7. O-O Be7 8.
d3 O-O 9. a3 f5 10. b4 Bf6 11. Bb2 Be6 12. Qc2 a6 13. Rac1 Rc8 14. Rfd1 Qe8 15.
e3 Qf7 16. Qe2 e4 17. Nd2 exd3 18. Qxd3 Nc4 19. Nxc4 Bxc4 20. Qxf5 Be6 21. Qc2
Ne7 22. Qe2 c6 23. Ne4 Bxb2 24. Qxb2 Rb8 25. Ng5 Qf6 26. Qxf6 Rxf6 27. Nxe6
Rxe6 28. Rd7 Ng6 29. Bh3 Re7 30. Rcd1 Kf7 31. Rxe7+ Nxe7 32. Rd7 Kf6 33. e4 g5
34. f4 gxf4 35. gxf4 Ng6 36. e5+ Nxe5 37. fxe5+ 1-0

[Event "Mundial Juvenil 2005 s10"]
[Site "Belfort FRA"]
[Date "2005.07.28"]
[Round "9.4"]
[White "Yeap, Eng Chiam"]
[Black "Laurusas, Tomas"]
[Result "1-0"]
[WhiteElo "1599"]
[BlackElo "1599"]
[PlyCount "97"]
[EventDate "2005.07.19"]
[EventType "swiss"]
[EventRounds "11"]
[EventCountry "FRA"]
[Source "lmi"]
[SourceDate "2005.07.31"]

1. e4 c6 2. d4 d5 3. e5 Bf5 4. h4 h6 5. a3 e6 6. Be3 Nd7 7. b4 a5 8. bxa5 Qxa5+
9. Bd2 Qc7 10. a4 Ne7 11. Nc3 Bh7 12. g4 Qb6 13. Nge2 c5 14. Rb1 Qc6 15. f4 Be4
16. Rh3 Nc8 17. Nxe4 dxe4 18. Rc3 Rxa4 19. Be3 c4 20. Bg2 Bb4 21. Kf2 b5 22.
Bd2 Bxc3 23. Nxc3 Ra6 24. Bxe4 Qc7 25. Nxb5 Qd8 26. Bb7 Qxh4+ 27. Ke3 O-O 28.
Bxa6 Ne7 29. Nc3 f5 30. Qh1 Qxh1 31. Rxh1 fxg4 32. Bxc4 Nf5+ 33. Kf2 Re8 34.
Ne2 g6 35. Ra1 h5 36. Ra6 Nf8 37. d5 h4 38. dxe6 Nh7 39. Ra7 h3 40. Ng3 h2 41.
Bd5 Nxg3 42. Kxg3 h1=Q 43. Bxh1 Nf8 44. Bd5 Nxe6 45. Ra6 Kf7 46. Kxg4 Re7 47.
Rxe6 Rxe6 48. f5 gxf5+ 49. Kxf5 1-0

[Event "Mundial Juvenil 2005 s10"]
[Site "Belfort FRA"]
[Date "2005.07.28"]
[Round "9.5"]
[White "Naroditsky, Daniel"]
[Black "Valizadeh, Ali"]
[Result "1-0"]
[WhiteElo "1599"]
[BlackElo "1599"]
[PlyCount "69"]
[EventDate "2005.07.19"]
[EventType "swiss"]
[EventRounds "11"]
[EventCountry "FRA"]
[Source "lmi"]
[SourceDate "2005.07.31"]

1. e4 c5 2. c3 d5 3. exd5 Qxd5 4. d4 Nc6 5. Nf3 Bg4 6. Be2 e6 7. O-O Nf6 8. Be3
cxd4 9. cxd4 Be7 10. Nc3 Qd6 11. Rc1 O-O 12. Qd2 a6 13. a4 Rfd8 14. Rfd1 Rac8
15. Ne5 Bf5 16. Bf3 Na5 17. Nb5 Qb4 18. Qxb4 Bxb4 19. Rxc8 Rxc8 20. Nc3 Bg4 21.
Ne4 Bxf3 22. gxf3 Nc4 23. Nxf6+ gxf6 24. Ng4 f5 25. Nf6+ Kg7 26. Nh5+ Kh8 27.
Rc1 Rc6 28. b3 Na5 29. Rxc6 bxc6 30. Kf1 Nxb3 31. Ke2 Bd6 32. h3 Kg8 33. Nf6+
Kg7 34. Ne8+ Kf8 35. Nxd6 1-0

[Event "Mundial Juvenil 2005 s10"]
[Site "Belfort FRA"]
[Date "2005.07.28"]
[Round "9.6"]
[White "Cori, Jorge"]
[Black "Wared Altarboush"]
[Result "1-0"]
[WhiteElo "2080"]
[BlackElo "1599"]
[PlyCount "90"]
[EventDate "2005.07.19"]
[EventType "swiss"]
[EventRounds "11"]
[EventCountry "FRA"]
[Source "lmi"]
[SourceDate "2005.07.31"]

1. e4 e6 2. d4 d5 3. Nd2 Nf6 4. e5 Nfd7 5. f4 c5 6. c3 Nc6 7. Ndf3 Qb6 8. Ne2
f5 9. g3 Be7 10. Bg2 Qc7 11. O-O Nd8 12. Be3 Nf7 13. h3 h6 14. g4 g6 15. Ng3 b6
16. gxf5 gxf5 17. Nxf5 exf5 18. e6 Nf6 19. exf7+ Kxf7 20. Ne5+ Ke6 21. Re1 Bb7
22. Bf2 Ne4 23. Qh5 Bf6 24. c4 Rag8 25. Rxe4 Rxg2+ 26. Kxg2 dxc4 27. Nc6+ fxe4
28. d5+ Kd6 29. Qf5 Qf7 30. Ne5 Qg7+ 31. Bg3 Bxd5 32. Rd1 Bxe5 33. fxe5+ Kc6
34. e6 Qxb2+ 35. Kg1 Rb8 36. Qxd5+ Kb5 37. Qd6 e3 38. Qf4 Qg7 39. Rb1+ Ka5 40.
Kh2 Qd4 41. Rg1 e2 42. Qxd4 cxd4 43. Be1+ c3 44. Rg7 Ka6 45. e7 c2 1-0

[Event "Mundial Juvenil 2005 s10"]
[Site "Belfort FRA"]
[Date "2005.07.28"]
[Round "9.7"]
[White "Ton-That, Nicolas"]
[Black "Sanchez Ibern, Marc"]
[Result "1-0"]
[WhiteElo "1599"]
[BlackElo "1914"]
[PlyCount "121"]
[EventDate "2005.07.19"]
[EventType "swiss"]
[EventRounds "11"]
[EventCountry "FRA"]
[Source "lmi"]
[SourceDate "2005.07.31"]

1. e4 e6 2. d4 d5 3. Nd2 Nf6 4. e5 Nfd7 5. Bd3 c5 6. c3 Nc6 7. Ne2 Be7 8. O-O
O-O 9. Nf3 cxd4 10. cxd4 f6 11. exf6 Nxf6 12. Re1 Bd7 13. Nf4 Qc8 14. Bd2 Bd6
15. Rc1 Ne4 16. Bxe4 Bxf4 17. Bxf4 Rxf4 18. Bb1 Qf8 19. Re3 Rc8 20. Rec3 Rb8
21. Qd3 g6 22. Qd1 Qg7 23. g3 Rf6 24. Ne5 Rbf8 25. Nxc6 Bxc6 26. R1c2 Qf7 27.
Qe1 Qc7 28. Re3 Qd6 29. Rce2 Bd7 30. Rc3 Rc8 31. Rxc8+ Bxc8 32. Bd3 Bd7 33. Rc2
Bc6 34. Qe3 Kg7 35. f4 Rf8 36. Kg2 Rc8 37. Qe5+ Qxe5 38. fxe5 Bd7 39. Rxc8 Bxc8
40. Bb5 b6 41. Kf3 h6 42. Ke3 Kf7 43. Kd3 g5 44. Kc3 Kg6 45. g4 Kf7 46. a4 Ke7
47. a5 Kd8 48. Kb4 Kc7 49. b3 Kb7 50. Be8 Ka6 51. Bc6 bxa5+ 52. Kc5 a4 53. Bxa4
Kb7 54. Kd6 Kb6 55. b4 Ba6 56. Kxe6 Be2 57. Kxd5 Kc7 58. e6 Bf3+ 59. Ke5 Kd8
60. Kf6 Bxg4 61. e7+ 1-0

[Event "Mundial Juvenil 2005 s10"]
[Site "Belfort FRA"]
[Date "2005.07.28"]
[Round "9.8"]
[White "Vakhidov, Jakhongir"]
[Black "Vasile, Claudiu Daniel"]
[Result "1-0"]
[WhiteElo "1599"]
[BlackElo "1694"]
[PlyCount "63"]
[EventDate "2005.07.19"]
[EventType "swiss"]
[EventRounds "11"]
[EventCountry "FRA"]
[Source "lmi"]
[SourceDate "2005.07.31"]

1. c4 e5 2. Nc3 Nc6 3. Nf3 g6 4. d4 exd4 5. Nxd4 Bg7 6. Nxc6 bxc6 7. e4 Qe7 8.
f3 Nf6 9. Be3 O-O 10. Be2 Ba6 11. O-O Rfb8 12. Qd2 Rb4 13. b3 Rbb8 14. Rad1 d6
15. Qc2 c5 16. f4 Re8 17. Bf3 Rab8 18. Rfe1 Bb7 19. Bf2 Nd7 20. Nb5 Nf6 21. e5
dxe5 22. Rxe5 Qf8 23. Bxc5 Re7 24. Bxe7 Qc8 25. Nxa7 Qe8 26. Bxf6 Qf8 27. Bxg7
Kxg7 28. Qc3 Kg8 29. Bxb7 Rxb7 30. Nc6 Rb8 31. Nxb8 Qxb8 32. Rde1 1-0

[Event "Mundial Juvenil 2005 s10"]
[Site "Belfort FRA"]
[Date "2005.07.28"]
[Round "9.9"]
[White "Cabanes, Kim"]
[Black "Ostovic, Matija"]
[Result "1/2-1/2"]
[WhiteElo "1599"]
[BlackElo "1599"]
[PlyCount "112"]
[EventDate "2005.07.19"]
[EventType "swiss"]
[EventRounds "11"]
[EventCountry "FRA"]
[Source "lmi"]
[SourceDate "2005.07.31"]

1. e4 c5 2. Nf3 d6 3. c3 Nf6 4. h3 g6 5. Bd3 Bg7 6. O-O O-O 7. Bc2 Nc6 8. d4
cxd4 9. cxd4 Nb4 10. Bb3 a5 11. a3 Nc6 12. Nc3 e5 13. d5 Ne7 14. Be3 Nd7 15.
Qd2 f5 16. Bh6 Nc5 17. Ba2 fxe4 18. Bxg7 Kxg7 19. Ng5 Bf5 20. b4 axb4 21. axb4
Na6 22. Ngxe4 Nc7 23. g4 Bxe4 24. Nxe4 Nb5 25. Ng5 Nc7 26. Rfc1 Kg8 27. b5 b6
28. Rc2 Rf6 29. Qd3 h6 30. Ne4 Rf4 31. f3 Rc8 32. Rac1 Ne8 33. Rxc8 Nxc8 34.
Nxd6 Ncxd6 35. Qxg6+ Ng7 36. Rc6 Rf6 37. Qc2 Rxf3 38. Kg2 Rf6 39. Bb3 h5 40. g5
Rf5 41. h4 Kf8 42. Bc4 Rf4 43. Qh7 Rg4+ 44. Kf1 Qd7 45. Bd3 e4 46. Bxe4 Rxe4
47. Rxd6 Qxd6 48. Qxe4 Qe7 49. Qc4 Qf7+ 50. Ke2 Qe7+ 51. Kd2 Qd6 52. Qc8+ Ke7
53. Qc4 Qh2+ 54. Ke1 Qe5+ 55. Kd2 Qb2+ 56. Ke1 Qb1+ 1/2-1/2

[Event "Mundial Juvenil 2005 s10"]
[Site "Belfort FRA"]
[Date "2005.07.28"]
[Round "9.11"]
[White "Khosla, Shiven"]
[Black "Shcherbina, Yevgeniy"]
[Result "1-0"]
[WhiteElo "1832"]
[BlackElo "1599"]
[PlyCount "83"]
[EventDate "2005.07.19"]
[EventType "swiss"]
[EventRounds "11"]
[EventCountry "FRA"]
[Source "lmi"]
[SourceDate "2005.07.31"]

1. e4 c5 2. Nc3 Nc6 3. Bb5 g6 4. Bxc6 dxc6 5. d3 Bg7 6. Be3 b6 7. Qd2 e6 8.
Nge2 Ne7 9. O-O-O O-O 10. Bh6 b5 11. h4 b4 12. Na4 Qa5 13. b3 Ba6 14. Kb1 c4
15. dxc4 Rad8 16. Qg5 Qxg5 17. Bxg5 f6 18. Be3 f5 19. Bc5 Kf7 20. exf5 gxf5 21.
Be3 Bf6 22. g3 e5 23. Bxa7 Ra8 24. Rd7 Rfd8 25. Rhd1 Rxa7 26. Rxd8 Bxc4 27.
bxc4 Rxa4 28. R8d7 Ra3 29. R1d3 Ra5 30. Rb3 c5 31. c3 bxc3 32. Nxc3 Ke6 33.
Rdb7 Ra8 34. R3b6+ Kf7 35. Nd5 Bg7 36. Rxe7+ Kg8 37. Rbb7 Bh8 38. Rxh7 e4 39.
Rh5 Ra4 40. Ne7+ Kf7 41. Rh7+ Kf6 42. Rxh8 1-0

[Event "Mundial Juvenil 2005 s10"]
[Site "Belfort FRA"]
[Date "2005.07.28"]
[Round "9.12"]
[White "Cao, Jiajie"]
[Black "Qu, Ziyuan"]
[Result "1-0"]
[WhiteElo "1599"]
[BlackElo "2242"]
[PlyCount "117"]
[EventDate "2005.07.19"]
[EventType "swiss"]
[EventRounds "11"]
[EventCountry "FRA"]
[Source "lmi"]
[SourceDate "2005.07.31"]

1. e4 c5 2. Nf3 d6 3. d4 cxd4 4. Nxd4 Nf6 5. Nc3 e6 6. Bg5 a6 7. f4 Be7 8. Qf3
Nbd7 9. O-O-O Qc7 10. g4 b5 11. Bxf6 Nxf6 12. g5 Nd7 13. f5 Nc5 14. h4 b4 15.
Nce2 e5 16. Nb3 Nxb3+ 17. Qxb3 a5 18. Rg1 f6 19. gxf6 Bxf6 20. h5 h6 21. Qd5
Bb7 22. Qe6+ Qe7 23. Ng3 Rd8 24. Bb5+ Kf8 25. Bc4 Bc8 26. Qxe7+ Kxe7 27. Rd5
Bg5+ 28. Kb1 Be3 29. Rgd1 Bb6 30. R5d3 Bc7 31. Bd5 Ba6 32. R3d2 Bb5 33. Rg2 Kf8
34. Ne2 Bxe2 35. Rxe2 Rb8 36. Rg2 Bd8 37. Bc6 Be7 38. Rd5 Kf7 39. Rxa5 Rhc8 40.
Bd5+ Kf8 41. Ra7 Bf6 42. Rf7+ Ke8 43. Rgxg7 Bxg7 44. Rxg7 Kf8 45. Rg6 Ke7 46.
Rxh6 Rh8 47. Re6+ Kd7 48. h6 Rbg8 49. c3 bxc3 50. bxc3 Rg1+ 51. Kc2 Rh1 52. a4
Ra1 53. Kb3 Rb8+ 54. Kc2 Rxa4 55. Rg6 Ra1 56. Rg7+ Kc8 57. h7 Rh1 58. f6 Kd8
59. Rg8+ 1-0

[Event "Mundial Juvenil 2005 s10"]
[Site "Belfort FRA"]
[Date "2005.07.28"]
[Round "9.13"]
[White "Biazliudau, Stanislau"]
[Black "Abasov, Nijat Azad"]
[Result "0-1"]
[WhiteElo "1599"]
[BlackElo "2210"]
[PlyCount "56"]
[EventDate "2005.07.19"]
[EventType "swiss"]
[EventRounds "11"]
[EventCountry "FRA"]
[Source "lmi"]
[SourceDate "2005.07.31"]

1. e4 c5 2. Nf3 Nc6 3. d4 cxd4 4. Nxd4 Nf6 5. Nc3 e5 6. Ndb5 d6 7. Nd5 Nxd5 8.
exd5 Nb8 9. c4 Be7 10. c5 O-O 11. Bd3 a6 12. Nc3 f5 13. Qb3 Kh8 14. cxd6 Bxd6
15. Na4 b5 16. Nc3 Nd7 17. h4 Bb7 18. h5 Nc5 19. Qd1 e4 20. Be2 Be5 21. h6 g6
22. Be3 Rc8 23. f4 Bxc3+ 24. bxc3 Qxd5 25. Bd4+ Kg8 26. c4 bxc4 27. Bg7 Nd3+
28. Bxd3 exd3 0-1

[Event "Mundial Juvenil 2005 s10"]
[Site "Belfort FRA"]
[Date "2005.07.28"]
[Round "9.15"]
[White "Dashdorj, Bulgan"]
[Black "Dragun, Kamil"]
[Result "1-0"]
[WhiteElo "1599"]
[BlackElo "1844"]
[PlyCount "85"]
[EventDate "2005.07.19"]
[EventType "swiss"]
[EventRounds "11"]
[EventCountry "FRA"]
[Source "lmi"]
[SourceDate "2005.07.31"]

1. e4 c5 2. Nf3 d6 3. d4 cxd4 4. Nxd4 Nf6 5. Nc3 a6 6. Be3 e5 7. Nb3 Be6 8. Be2
Nbd7 9. O-O h5 10. f4 Be7 11. f5 Bxb3 12. axb3 Qc7 13. Qe1 Nc5 14. Bf3 Rd8 15.
Rd1 b5 16. Qg3 Kf8 17. Bg5 Ncd7 18. Bxf6 Nxf6 19. Nd5 Nxd5 20. exd5 Qxc2 21.
Qh3 Qxb3 22. g3 h4 23. Rc1 Qe3+ 24. Kg2 Rh6 25. Rc7 e4 26. Bg4 Qd2+ 27. Rf2
Qxd5 28. Re2 hxg3 29. Qxg3 Qd3 30. Qxd3 exd3 31. Rexe7 Rf6 32. Re3 g6 33. fxg6
Rxg6 34. Kf3 Rf6+ 35. Kg3 Rg6 36. Rf3 f6 37. Kf4 Rg5 38. Rxd3 d5 39. Rc6 Kg7
40. Rxa6 Re8 41. Bf3 Ree5 42. Rd6 Ref5+ 43. Ke3 1-0

[Event "Mundial Juvenil 2005 s10"]
[Site "Belfort FRA"]
[Date "2005.07.28"]
[Round "9.16"]
[White "Diloyan, Ara"]
[Black "Banos-Robles, Romain"]
[Result "1-0"]
[WhiteElo "1599"]
[BlackElo "1599"]
[PlyCount "47"]
[EventDate "2005.07.19"]
[EventType "swiss"]
[EventRounds "11"]
[EventCountry "FRA"]
[Source "lmi"]
[SourceDate "2005.07.31"]

1. e4 e5 2. Nf3 Nc6 3. Bb5 a6 4. Ba4 Nf6 5. O-O b5 6. Bb3 Be7 7. Re1 d6 8. c3
O-O 9. h3 Na5 10. Bc2 c5 11. d4 cxd4 12. cxd4 Bb7 13. a3 exd4 14. Nxd4 Nc6 15.
Nc3 d5 16. e5 Ne8 17. Nf5 d4 18. Nxg7 Nxg7 19. Qd3 f5 20. exf6 Rxf6 21. Qxh7+
Kf8 22. Bb3 Ke8 23. Qxg7 Rd6 24. Ne4 1-0

[Event "Mundial Juvenil 2005 s10"]
[Site "Belfort FRA"]
[Date "2005.07.28"]
[Round "9.17"]
[White "Ismailov, Mukhit"]
[Black "Beradze, Irakli"]
[Result "0-1"]
[WhiteElo "1599"]
[BlackElo "1599"]
[PlyCount "67"]
[EventDate "2005.07.19"]
[EventType "swiss"]
[EventRounds "11"]
[EventCountry "FRA"]
[Source "lmi"]
[SourceDate "2005.07.31"]

1. e4 c6 2. d4 d5 3. Nc3 dxe4 4. Nxe4 Nd7 5. Nf3 Ngf6 6. Ng3 e6 7. Bd3 c5 8. c3
cxd4 9. cxd4 Be7 10. Bf4 O-O 11. O-O b6 12. Rc1 Bb7 13. a4 Nd5 14. Be3 Rc8 15.
Ne5 Nxe3 16. Rxc8 Qxc8 17. fxe3 Nxe5 18. dxe5 Qc5 19. Bb1 Qxe3+ 20. Kh1 Qxe5
21. Qc2 g6 22. Qd2 Bc5 23. Re1 Qd4 24. Qxd4 Bxd4 25. b4 Bc3 26. Rc1 Bxb4 27.
Ne4 Kg7 28. h4 Rc8 29. Rf1 Bc6 30. Ng5 h6 31. Nf3 Rc7 32. Nd4 Bc5 33. Rf4 Bxd4
34. Rxd4 0-1

[Event "Mundial Juvenil 2005 s10"]
[Site "Belfort FRA"]
[Date "2005.07.28"]
[Round "9.18"]
[White "Wang, Andew"]
[Black "Balacek, Tadeas"]
[Result "1-0"]
[WhiteElo "1599"]
[BlackElo "1599"]
[PlyCount "107"]
[EventDate "2005.07.19"]
[EventType "swiss"]
[EventRounds "11"]
[EventCountry "FRA"]
[Source "lmi"]
[SourceDate "2005.07.31"]

1. e4 e5 2. Nf3 Nc6 3. d4 exd4 4. Bc4 Be7 5. c3 d3 6. Qb3 Na5 7. Bxf7+ Kf8 8.
Qa4 Kxf7 9. Qxa5 d6 10. Qd5+ Ke8 11. Qxd3 Nf6 12. O-O Kf7 13. Ng5+ Ke8 14. Qc4
Rf8 15. Nd2 h6 16. Ne6 Bxe6 17. Qxe6 Qd7 18. Qb3 Qc6 19. f3 Qb6+ 20. Kh1 Qxb3
21. axb3 Kd7 22. Kg1 a6 23. Nc4 Rae8 24. e5 dxe5 25. Nxe5+ Kc8 26. Ng6 Bc5+ 27.
Kh1 Rf7 28. b4 Bd6 29. Bf4 Bxf4 30. Nxf4 Rfe7 31. h3 g5 32. Nd3 Re3 33. Nc5 Re2
34. Nd3 R8e3 35. Rfd1 Nd5 36. c4 Nf4 37. Nxf4 gxf4 38. b5 Rxb2 39. bxa6 bxa6
40. Rxa6 Ree2 41. Rg1 Rbc2 42. Rxh6 Rxc4 43. Rf6 c5 44. Rf5 Kb7 45. h4 Re6 46.
Rd1 Rg6 47. h5 Rh6 48. Rg5 Rd4 49. Rxd4 cxd4 50. Kg1 d3 51. Kf2 Re6 52. Rd5 Kc6
53. Rxd3 Re5 54. Rd4 1-0

[Event "Mundial Juvenil 2005 s10"]
[Site "Belfort FRA"]
[Date "2005.07.29"]
[Round "10.1"]
[White "Nikologorskiy, Konstantin"]
[Black "Bukavshin, Ivan"]
[Result "0-1"]
[WhiteElo "1599"]
[BlackElo "2029"]
[PlyCount "102"]
[EventDate "2005.07.19"]
[EventType "swiss"]
[EventRounds "11"]
[EventCountry "FRA"]
[Source "lmi"]
[SourceDate "2005.07.31"]

1. c4 Nf6 2. Nc3 g6 3. g3 Bg7 4. Bg2 O-O 5. e4 c5 6. d3 Nc6 7. Nge2 a6 8. O-O
Rb8 9. f4 d6 10. h3 Ne8 11. f5 b5 12. g4 Ne5 13. cxb5 axb5 14. fxg6 hxg6 15.
Qc2 Nc7 16. Ng3 Ba6 17. Nce2 Ne6 18. Be3 Qa5 19. Nf4 Nxf4 20. Bxf4 Nc6 21. h4
Qa4 22. Qf2 Qd4 23. Rab1 Qxd3 24. Rfd1 Qc4 25. b3 Qe6 26. g5 Ne5 27. Bxe5 Bxe5
28. Ne2 b4 29. Qf3 Qd7 30. Nf4 Ra8 31. Nd5 Qd8 32. h5 Kg7 33. Bh3 gxh5 34. Qxh5
Rh8 35. Qf3 e6 36. Rf1 Bxf1 37. Rxf1 Rxh3 38. Qxh3 Qxg5+ 39. Kf2 Rxa2+ 40. Kf3
exd5 41. Qg4 Qxg4+ 42. Kxg4 dxe4 43. Re1 Rf2 44. Kg5 f6+ 45. Kh4 Rh2+ 46. Kg4
Kg6 47. Rf1 f5+ 48. Rxf5 Rg2+ 49. Kh3 Rg3+ 50. Kh4 Kxf5 51. Kh5 Rh3# 0-1

[Event "Mundial Juvenil 2005 s10"]
[Site "Belfort FRA"]
[Date "2005.07.29"]
[Round "10.3"]
[White "Naroditsky, Daniel"]
[Black "Fu, Xiaoyong"]
[Result "0-1"]
[WhiteElo "1599"]
[BlackElo "1599"]
[PlyCount "104"]
[EventDate "2005.07.19"]
[EventType "swiss"]
[EventRounds "11"]
[EventCountry "FRA"]
[Source "lmi"]
[SourceDate "2005.07.31"]

1. e4 e5 2. Nf3 Nc6 3. Bb5 a6 4. Bxc6 dxc6 5. O-O Qd6 6. Na3 Be6 7. Qe2 f6 8.
Rd1 c5 9. c3 Bg4 10. h3 Bxf3 11. Qxf3 Ne7 12. d4 cxd4 13. cxd4 exd4 14. Bf4 Qd7
15. Qb3 O-O-O 16. Rac1 Nc6 17. Nc4 Bc5 18. Ne3 Bd6 19. Bxd6 Qxd6 20. Nd5 Rhe8
21. Qf3 Kb8 22. Nf4 Re7 23. Nd3 Ne5 24. Nxe5 Qxe5 25. Qb3 Qxe4 26. Rc4 Red7 27.
Rb4 Qd5 28. Qa4 c5 29. Rb6 Ka7 30. Rb3 c4 31. Rb4 d3 32. Qa3 Qe6 33. Qc3 Rd4
34. b3 d2 35. Rxc4 Rxc4 36. bxc4 Qe2 37. Qb3 Rd3 38. Qc2 f5 39. c5 f4 40. c6
bxc6 41. Qc5+ Kb7 42. Rb1+ Kc7 43. Qa7+ Kd6 44. Qb8+ Ke7 45. Rb7+ Rd7 46. Rxd7+
Kxd7 47. Qa7+ Ke6 48. Qxg7 d1=Q+ 49. Kh2 Qee1 50. Qg8+ Kd6 51. Qf8+ Kc7 52.
Qxf4+ Qd6 0-1

[Event "Mundial Juvenil 2005 s10"]
[Site "Belfort FRA"]
[Date "2005.07.29"]
[Round "10.5"]
[White "Bajarani, Ulvi"]
[Black "Ton-That, Nicolas"]
[Result "1-0"]
[WhiteElo "1599"]
[BlackElo "1599"]
[PlyCount "63"]
[EventDate "2005.07.19"]
[EventType "swiss"]
[EventRounds "11"]
[EventCountry "FRA"]
[Source "lmi"]
[SourceDate "2005.07.31"]

1. e4 c5 2. d4 cxd4 3. c3 Nf6 4. e5 Nd5 5. cxd4 e6 6. Nc3 Nxc3 7. bxc3 Qc7 8.
Bb2 b6 9. Nf3 Bb7 10. Be2 d6 11. O-O Nd7 12. exd6 Bxd6 13. h3 O-O 14. c4 e5 15.
d5 Nc5 16. Rc1 Ba6 17. Re1 Rae8 18. Bf1 f5 19. Ng5 h6 20. Nf3 Ne4 21. Bd3 Nxf2
22. Kxf2 e4 23. Kg1 Bc5+ 24. Kh1 exf3 25. Qxf3 f4 26. Re4 Be3 27. Rf1 Qd6 28.
Qg4 Re7 29. c5 bxc5 30. Rxe7 Qxe7 31. Bxa6 Rf7 32. d6 1-0

[Event "Mundial Juvenil 2005 s10"]
[Site "Belfort FRA"]
[Date "2005.07.29"]
[Round "10.6"]
[White "Abasov, Nijat Azad"]
[Black "Vakhidov, Jakhongir"]
[Result "0-1"]
[WhiteElo "2210"]
[BlackElo "1599"]
[PlyCount "113"]
[EventDate "2005.07.19"]
[EventType "swiss"]
[EventRounds "11"]
[EventCountry "FRA"]
[Source "lmi"]
[SourceDate "2005.07.31"]

1. e4 c5 2. c3 e6 3. d4 cxd4 4. cxd4 d5 5. e5 Nc6 6. Nf3 Qb6 7. Nc3 Nge7 8. Na4
Qc7 9. Be2 Nf5 10. O-O a6 11. Be3 b5 12. Nc3 Qb6 13. Rc1 Bd7 14. Qd2 Be7 15.
Rfd1 Nxe3 16. Qxe3 h6 17. Ne1 g5 18. Bh5 O-O-O 19. Bxf7 h5 20. Bg6 Rdg8 21. Bf7
Rf8 22. Nxd5 exd5 23. Bxd5 Kb8 24. Bxc6 Bxc6 25. d5 Qxe3 26. fxe3 Bb7 27. d6
Bd8 28. e6 Bb6 29. Rc3 Rf6 30. e7 Re6 31. Kf2 b4 32. Rcd3 Be4 33. d7 Rxe7 34.
d8=Q+ Bxd8 35. Rxd8+ Rxd8 36. Rxd8+ Kc7 37. Rd4 a5 38. Nf3 g4 39. Rc4+ Kb6 40.
Nd4 Bd5 41. Rc8 a4 42. b3 a3 43. Rb8+ Rb7 44. Rxb7+ Bxb7 45. Kg3 Be4 46. Ne2
Bb1 47. Nc1 Kc5 48. h4 Kd5 49. Kf2 Ke4 50. g3 Bd3 51. Ne2 Bb1 52. Nc1 Bc2 53.
Ke2 Bb1 54. Kf2 Bd3 55. Ne2 Bc2 56. Nc1 Bd1 57. Ke1 0-1

[Event "Mundial Juvenil 2005 s10"]
[Site "Belfort FRA"]
[Date "2005.07.29"]
[Round "10.7"]
[White "Diloyan, Ara"]
[Black "Fernandez, Daniel Howard"]
[Result "1-0"]
[WhiteElo "1599"]
[BlackElo "1871"]
[PlyCount "115"]
[EventDate "2005.07.19"]
[EventType "swiss"]
[EventRounds "11"]
[EventCountry "FRA"]
[Source "lmi"]
[SourceDate "2005.07.31"]

1. e4 c5 2. Nf3 d6 3. d4 cxd4 4. Nxd4 Nf6 5. Nc3 a6 6. Be2 e5 7. Nb3 Be7 8. Be3
O-O 9. O-O Be6 10. f3 Nbd7 11. Nd5 Bxd5 12. exd5 Ne8 13. f4 f5 14. c4 g5 15.
fxe5 Nxe5 16. Nd4 Ng7 17. Kh1 Qe8 18. Qb3 Qd7 19. c5 Kh8 20. Ne6 Nxe6 21. dxe6
Qc6 22. cxd6 Qxd6 23. Rad1 Qb8 24. Bd4 Kg8 25. Bh5 Qd6 26. Bf7+ Nxf7 27. exf7+
Rxf7 28. Rxf5 Raf8 29. Bf6 Qxf6 30. Rxf6 Bxf6 31. Rd7 b5 32. g4 Be5 33. Rxf7
Rxf7 34. Qe6 Bd4 35. Qxa6 Bxb2 36. Qxb5 Bf6 37. a4 h6 38. a5 Bd4 39. Qe8+ Kg7
40. a6 Ba7 41. Kg2 Bd4 42. Qe4 Ba7 43. Kg3 Bf2+ 44. Kg2 Ba7 45. Qe2 Bd4 46. Kg3
Rc7 47. h4 gxh4+ 48. Kxh4 Bf6+ 49. Kh3 Ra7 50. Qb5 Bd4 51. Kh4 Bf6+ 52. Kh5 Re7
53. g5 Bxg5 54. Qc5 Re4 55. Qc7+ Be7 56. Qg3+ Bg5 57. a7 Ra4 58. Qc7+ 1-0

[Event "Mundial Juvenil 2005 s10"]
[Site "Belfort FRA"]
[Date "2005.07.29"]
[Round "10.8"]
[White "Lapidus, Mark"]
[Black "Khosla, Shiven"]
[Result "0-1"]
[WhiteElo "1599"]
[BlackElo "1832"]
[PlyCount "57"]
[EventDate "2005.07.19"]
[EventType "swiss"]
[EventRounds "11"]
[EventCountry "FRA"]
[Source "lmi"]
[SourceDate "2005.07.31"]

1. e4 c5 2. Nf3 d6 3. d4 cxd4 4. Nxd4 Nf6 5. Nc3 g6 6. Be2 Bg7 7. O-O O-O 8.
Be3 Nc6 9. Nb3 Be6 10. f4 Rc8 11. Bf3 a6 12. Nd5 Bxd5 13. exd5 Na5 14. c3 Nc4
15. Qe2 Nxe3 16. Qxe3 Nd7 17. Nd4 Nb6 18. b3 Qc7 19. Rac1 Rfe8 20. Kh1 Qc5 21.
Qe4 Qa5 22. Qd3 Qxa2 23. Bd1 Nxd5 24. b4 Nxb4 25. Qe4 Qd2 26. Nb3 Qd3 27. Bf3
Qxe4 28. Bxe4 Bxc3 29. Bxb7 0-1

[Event "Mundial Juvenil 2005 s10"]
[Site "Belfort FRA"]
[Date "2005.07.29"]
[Round "10.9"]
[White "Beradze, Irakli"]
[Black "Wang, Andew"]
[Result "1-0"]
[WhiteElo "1599"]
[BlackElo "1599"]
[PlyCount "37"]
[EventDate "2005.07.19"]
[EventType "swiss"]
[EventRounds "11"]
[EventCountry "FRA"]
[Source "lmi"]
[SourceDate "2005.07.31"]

1. e4 c5 2. Nf3 g6 3. c4 Nc6 4. d4 cxd4 5. Nxd4 Nf6 6. Nc3 d6 7. Be3 Ng4 8.
Nxc6 bxc6 9. Bf4 e5 10. Bg3 h5 11. h3 Nh6 12. Qd3 f5 13. O-O-O fxe4 14. Qxe4
Nf5 15. Bxe5 Bh6+ 16. Bf4+ Kf7 17. Bxh6 Rxh6 18. Qxc6 Qg5+ 19. Kb1 1-0